Entremeses

Guardat en:
Dades bibliogràfiques
Autor principal: Cervantes y Saavedra, Miguel de (Autor)
Format: Llibre
Idioma:espanyol
Publicat: Madrid Espasa Calpe 1952
Col·lecció:Clásicos castellanos, 125
Matèries:
Etiquetes: Afegir etiqueta
Sense etiquetes, Sigues el primer a etiquetar aquest registre!

MARC

LEADER 00000nam a2200000 a 4500
001 UCX4746
003 CL-VaPUC
008 920723e19520000SP |||||||||||||||||spa|d
082 0 4 |a 862  |b CER  |2 21 
100 |a Cervantes y Saavedra, Miguel de  |e author  |9 267947 
245 1 0 |a Entremeses 
300 |a 243 p 
942 |c BK 
945 |d 19920723 00:00:00 
260 |a Madrid  |b Espasa Calpe  |c 1952 
650 0 |a Dramas españoles  |9 267081 
583 |a last modification  |c 19920723 00:00:00  |k Rodrigo Vera 
490 0 |a Clásicos castellanos, 125 
999 |c 225147  |d 225145 
952 |0 0  |1 0  |4 0  |6 862_000000000000000_CER_1952  |7 0  |8 A  |9 222407  |a FDOPOS  |b FDOPOS  |d 2019-11-15  |i 2912406  |o 862 CER 1952  |p 2912406  |r 2025-01-22  |w 2019-11-15  |y BK  |k MLH 
952 |0 0  |1 0  |4 0  |6 862_000000000000000_CER_1952  |7 0  |8 A  |9 222408  |a FDOPOS  |b FDOPOS  |d 2019-11-15  |i 2912414  |o 862 CER 1952  |p 2912414  |r 2025-01-22  |w 2019-11-15  |y BK  |k MLH